Online Catalogue and eLibrary

An experiment in criticims (Record no. 4422)

MARC details
000 -LEADER
fixed length control field 00444nam a2200181Ia 4500
005 - DATE AND TIME OF LATEST TRANSACTION
control field 20240827064853.0
008 - FIXED-LENGTH DATA ELEMENTS--GENERAL INFORMATION
fixed length control field 240331s9999 xx 000 0 und d
020 ## - INTERNATIONAL STANDARD BOOK NUMBER
ISBN 0521422817
082 ## - DDC Classification
Item Number - Author Mark LEW
Class No. 800
100 ## - MAIN ENTRY--PERSONAL NAME
Personal name Lewis,C.S
245 #3 - TITLE STATEMENT
Title An experiment in criticims
260 ## - PUBLICATION, DISTRIBUTION, ETC.
Place of publication, distribution, etc. United Kingdom
Name of publisher, distributor, etc. Cambridge University Press
Date of publication, distribution, etc. 1961
300 ## - PHYSICAL DESCRIPTION
Extent (e.g. Volumes, Pages etc.) 142 p .,
650 ## - SUBJECT ADDED ENTRY--TOPICAL TERM
Topical term or geographic name entry element Literature
650 ## - SUBJECT ADDED ENTRY--TOPICAL TERM
Topical term or geographic name entry element Criticism
650 ## - SUBJECT ADDED ENTRY--TOPICAL TERM
Topical term or geographic name entry element Experiment
942 ## - Koha item type (Biblio)
Koha item type Books in Stacks (Lending)
Holdings
Lost status Damaged status Collection code Home library Current library Shelving location Date acquired Full call number Accession Number Item type
    Lending WERC Library WERC Library Social Science Cupboard 03/31/2024 800 LEW 6394 Books in Stacks (Lending)

© WERC Library